|
|
|
|
| LEADER |
02364nam a22004575i 4500 |
| 001 |
978-1-4614-3804-5 |
| 003 |
DE-He213 |
| 005 |
20140810025203.0 |
| 007 |
cr nn 008mamaa |
| 008 |
120709s2012 xxu| s |||| 0|eng d |
| 020 |
|
|
|a 9781461438045
|9 978-1-4614-3804-5
|
| 024 |
7 |
|
|a 10.1007/978-1-4614-3804-5
|2 doi
|
| 040 |
|
|
|d GrThAP
|
| 050 |
|
4 |
|a RC321-580
|
| 072 |
|
7 |
|a PSAN
|2 bicssc
|
| 072 |
|
7 |
|a MED057000
|2 bisacsh
|
| 082 |
0 |
4 |
|a 612.8
|2 23
|
| 100 |
1 |
|
|a Farooqui, Akhlaq A.
|e author.
|
| 245 |
1 |
0 |
|a Phytochemicals, Signal Transduction, and Neurological Disorders
|h [electronic resource] /
|c by Akhlaq A. Farooqui.
|
| 264 |
|
1 |
|a New York, NY :
|b Springer New York :
|b Imprint: Springer,
|c 2012.
|
| 300 |
|
|
|a XXIV, 352 p.
|b online resource.
|
| 336 |
|
|
|a text
|b txt
|2 rdacontent
|
| 337 |
|
|
|a computer
|b c
|2 rdamedia
|
| 338 |
|
|
|a online resource
|b cr
|2 rdacarrier
|
| 347 |
|
|
|a text file
|b PDF
|2 rda
|
| 505 |
0 |
|
|a Chapter 1. Effects of life style and aging on the onset of neurological disorders -- Chapter 2. Beneficial effects of extra virgin olive oil (n-9 fatty acids) on neurological disorders -- Chapter 3. Beneficial effects of flaxseed oil (omega-3 fatty acids) on neurological disorders -- Chapter 4. Beneficial effects of flavonoids on neurological disorders -- Chapter 5. Beneficial effects of green tea catchins on neurological disorders -- Chapter 6. Beneficial effects of curcumin on neurological disorders -- Chapter 7. Beneficial effects of resveratrol on neurological disorders -- Chapter 8. Beneficial effects of Ginkgo biloba on neurological disorders -- Chapter 9. Beneficial effects of garlic components on neurological disorders -- Chapter 10. Beneficial effects of propolis on neurological disorders -- Chapter 11. Perspective and direction for future research on phytochemical in neurological disorders.
|
| 520 |
|
|
|a x.
|
| 650 |
|
0 |
|a Medicine.
|
| 650 |
|
0 |
|a Neurosciences.
|
| 650 |
|
0 |
|a Neurochemistry.
|
| 650 |
|
0 |
|a Neurology.
|
| 650 |
1 |
4 |
|a Biomedicine.
|
| 650 |
2 |
4 |
|a Neurosciences.
|
| 650 |
2 |
4 |
|a Neurology.
|
| 650 |
2 |
4 |
|a Neurochemistry.
|
| 710 |
2 |
|
|a SpringerLink (Online service)
|
| 773 |
0 |
|
|t Springer eBooks
|
| 776 |
0 |
8 |
|i Printed edition:
|z 9781461438038
|
| 856 |
4 |
0 |
|u http://dx.doi.org/10.1007/978-1-4614-3804-5
|z Full Text via HEAL-Link
|
| 912 |
|
|
|a ZDB-2-SBL
|
| 950 |
|
|
|a Biomedical and Life Sciences (Springer-11642)
|